000 00622nam a2200229 i 4500
001 C2-0086466
003 PPAK
005 20180727091023.0
008 970504s1986 mau |||| ||||| | eng d
040 _aPPAK
_beng
_cPPAK
_erda
082 0 4 _a947.0854
_223
090 0 0 _a947.0854
_bSCH
_dG
100 1 _aSchmidt-Hauer, Christian,
_eauthor
245 1 0 _aGorbachev
264 1 _aTopsfield :
_bSalem House ,
_c1986
300 _a218 pages ;
_c22 cm
336 _2rdacontent
_atext
337 _2rdamedia
_aunmediated
338 _2rdacarrier
_avolume
650 1 0 _aSoviet Union - Politics and government
942 _ddc
_cB
999 _c17719
_d17719